000 00953nam a2200313 a 4500
001 000108533
003 CHAP
005 20220329144016.0
008 140220s2013 it aj |r| ||||||spa d
010 _a104995
011 _a105967
020 _a9789253074136
040 _cCHAP
082 _a338.763
_bF212
245 1 0 _aAgroindustrias para el desarrollo /
_ceditado por Carlos A. Da Silva ...[et al.].
260 _aRoma :
_bFAO,
_c2013.
300 _a306 p. :
_bdiagrs., tabs.
590 _aE5995AHE
_b05
_c20140220
_lUCH01
_h1456
590 _aE5995AHE
_b05
_c20140221
_lUCH01
_h1055
590 _aE5995AHE
_b05
_c20140221
_lUCH01
_h1058
650 1 4 _aAlimentos
_xIndustria.
_94227
650 1 4 _aDesarrollo agrícola.
_9125465
650 1 4 _aIndustrias agrícolas
_xPaíses subdesarrollados.
_957960
650 1 4 _aSector agroindustrial.
_9125475
700 1 _aDa Silva, Carlos A.
_e, ed.
_930854
901 _aBK
942 _cLIBRO
942 _n0
999 _c104995
_d104995